Responses for show #7025 - Friday, March 13, 2015

Kristin Sausville game 3.

Contestants

Shawn Paul, a restaurant manager originally from Waterville, Maine

Kynan Dias, a film student originally from Las Vegas, Nevada

Kristin Sausville, a stay-at-home mom from Newark, Delaware (whose 2-day cash winnings total $31,601)

Jeopardy! Round responses

LAST NAMES OF FICTIONAL CHARACTERS
ADVERTISING & MARKETING
"SO" IT GOES
2-TIMING STATES
THEY FOUGHT IN THE BIG ONE
PLAY ME...
    $200 6
Linus & Lucy

Kristin
    $200 26
banner

Kynan
    $200 21
soap opera

Shawn
    $200 1
Indiana

Kynan
    $200 16
George H. W. Bush

Kynan
    $200 11
an electric guitar

Kynan
    $400 7
Freddy & Jason

Kristin
    $400 27
product placement

Kristin
    $400 22
sobriquet

Kristin
    $400 2
Navajo

Kristin
    $400 17
(Alex: The "Lone Eagle" was [*].)

Charles Lindbergh

Triple Stumper
    $400 12
"Route 66"

Shawn
    $600 8
Snuffleupagus

Kristin
    $600 28
saturation point

Kynan
    $600 23
risotto

Kristin
    $600 3
(Shawn: What is British Columbia?)

Oregon

KristinShawn
    $600 18
Yogi Berra

Kynan
    $600 13
cymbals

Kristin
    $800 9
Damien

Shawn
    $800 29
(Kristin: Who is "Mean Joe" Brown?)
...
(Alex: Oh, you were on the right track, but you forgot his last name; it's [*].)

"Mean Joe" Greene

Kristin
Triple Stumper
    $800 24
ipso facto

Kristin
    $800 4
Nebraska

Kynan
    $800 19
Battle of the Bulge

Kristin
    $800 14
(Giuseppe) Verdi

Shawn
    $1000 10
(Kristin: Who is Tess?)

Jude the Obscure

KristinKynan
    $1,800 30
(Kynan: What is a sample group?)

a focus group

Kynan
    $1000 25
sojourn

Kristin
    $1000 5
Flint

Kristin
    $1000 20
Clark Gable

Kristin
    $1000 15
John Cage

Kynan

Scores at the first commercial break (after clue 15):

Kristin Kynan Shawn
$2,800 $3,200 $1,400

Scores at the end of the Jeopardy! Round:

Kristin Kynan Shawn
$7,000 $3,000 $1,600

Double Jeopardy! Round responses

THE REST OF THE WORLD IN 1865
WHO CARES ABOUT APATHY?
HYBRIDS & BLENDS
ROLE IN COMMON
FOOD & DRINK
PLAY "M-E"
(Alex: Plays with "M-E", those two letters in their titles.)
    $400 18
The Salvation Army

Shawn
    $400 7
detached

Shawn
    $400 26
(Alex [*], with less than a minute to go.)

a merman

Kristin
    $400 4
Elizabeth I

Kynan
    $400 1
sesame seeds

Shawn
    $400 15
(Kristin: What is "Mame"?)

"The Glass Menagerie"

KristinKynan
    $800 19
Hong Kong

Kristin
    $800 10
responsive (or unresponsive)

Kristin
    $800 27
(James) Fenimore Cooper

Shawn
    $800 5
Jean Valjean

Kynan
    $800 2
an octopus

Shawn
    $800 16
"American Idiot"

Kristin
    $1200 20
Leopold

Kynan
    $1200 11
(Alex: In baseball it's called "defensive [*]". "Ah, let 'em take the base." Kristin?)

indifference

Triple Stumper
    $4,000 28
(Shawn: What is a Focus?)

Fusion

Shawn
    $1200 6
Joan of Arc

Kristin
    $1200 3
a Slurpee

Kristin
    $4,000 23
(Kynan: [no response])

"Kismet"

Kynan
    $1600 21
Paraguay

Kynan
    $1600 12
ennui

Kynan
    $1600 29
silver

Shawn
    $1600 13
Jesus Christ

Kristin
    $1600 8
cherries jubilee

Shawn
    $1600 24
(Shawn: What is "Come Back"?)
(Alex: Be more specific.)
(Shawn: [no response])

"Come Back to the Five and Dime"

KynanShawn
    $2000 22
Benito Juarez

Triple Stumper
    $2000 17
impassive

Kristin
    $2000 30
Nuyorican

Kynan
    $2000 14
Doc Holliday

Kynan
    $2000 9
Blue Mountain coffee

Triple Stumper
    $2000 25
"The Women"

Shawn

Scores at the end of the Double Jeopardy! Round:

Kristin Kynan Shawn
$15,400 $10,600 $4,000

[wagering suggestions for these scores]

Final Jeopardy! Round responses

HISTORICAL U.S. GEOGRAPHY
ShawnWhat is Montana?
$3,000
KynanWhat is Arizona
$10,000
KristinWhat is Montana?
$5,801
Montana

Final scores:

Kristin Kynan Shawn
$21,201 $600 $7,000
3-day champion: $52,802 3rd place: $1,000 2nd place: $2,000

Game dynamics:

Coryat scores:

Kristin Kynan Shawn
$15,400 $16,400 $8,000
22 R,
3 W
18 R,
2 W
(including 2 DDs)
12 R,
3 W
(including 1 DD)

Combined Coryat: $39,800

The J! Archive is created by fans, for fans. The Jeopardy! game show and all elements thereof, including but not limited to copyright and trademark thereto, are the property of Jeopardy Productions, Inc. and are protected under law. This website is not affiliated with, sponsored by, or operated by Jeopardy Productions, Inc. Join the discussion at JBoard.tv.